[Event "Adelquis Remon Memorial-F"]
[Site "Holguin"]
[Date "2017.11.02"]
[Round "2.3"]
[White "Vazquez Matos, Adolfo Antonio"]
[Black "De la Torre Sanchez, Arian"]
[Result "1-0"]
[WhiteElo "2038"]
[BlackElo "2056"]
[PlyCount "55"]
[EventDate "2017.11.02"]
[EventType "tourn"]
[EventRounds "10"]
[EventCountry "CUB"]
[SourceTitle "EXT 2023"]
[Source "ChessBase"]
[SourceDate "2022.10.05"]
[SourceVersion "1"]
[SourceVersionDate "2022.10.05"]
[SourceQuality "1"]

1. d4 Nf6 2. Nf3 g6 3. c4 c6 4. Nc3 d5 5. Bg5 Bg7 6. Bxf6 Bxf6 7. cxd5 cxd5 8. Qb3 e6 9. e3 0-0 10. g4 Bg7 11. Be2 Nc6 12. h4 e5 13. Nxe5 Nxe5 14. dxe5 Bxe5 15. Kf1 Be6 16. Rd1 d4 17. Qb5 Qf6 18. Ne4 Qg7 19. f4 f5 20. Ng5 Bxa2 21. Qxe5 Qxe5 22. fxe5 fxg4+ 23. Kg2 h6 24. Ne4 Rae8 25. exd4 Bd5 26. Bd3 Rf3 27. Rhe1 Ref8 28. Kg1 1-0